Air Pasang Dan Surut
| Main Author: | |
|---|---|
| Format: | Book |
| Published: |
Petaling Jaya :
Syarikat Buku Uni-Text ,
1976
|
| Subjects: |
MARC
| LEADER | 00000cam a2200000 7i4500 | ||
|---|---|---|---|
| 001 | 0000006955 | ||
| 002 | 000007490 | ||
| 005 | 20000330.0 | ||
| 020 | |a T000000584 | ||
| 090 | 0 | 0 | |a J551.5 |b KEM |
| 100 | 0 | |a Ab. Rahim bin Hj. Selamat | |
| 245 | 1 | 0 | |a Air Pasang Dan Surut |c Ab. Rahim bin Hj. Selamat |
| 260 | |a Petaling Jaya : |b Syarikat Buku Uni-Text , |c 1976 | ||
| 300 | |a 40p. : |b ill. ; |c 18cm. | ||
| 650 | 0 | 0 | |a Oceans |x Juvenile literature |
| 999 | |a 0005638 |b BUKU |c PINJAMAN |e PERPUSTAKAAN KOMUNITI PETALING JAYA | ||